000
00294 a2200145 4500
001
155936
040
_c
Escola São Tomás de Aquino
100
_a
BRANCO, Samuel Murgel
240
1
0
_a
Solos
_l
por
245
1
0
_a
Solos
300
_a
79
362
0
_a
1999
697
_a
CIÊNCIAS
942
_c
BK
999
_c
155936
_d
155936